<?xml version="1.0" encoding="UTF-8"?>
<record
    xmlns:xsi="http://www.w3.org/2001/XMLSchema-instance"
    xsi:schemaLocation="http://www.loc.gov/MARC21/slim http://www.loc.gov/standards/marcxml/schema/MARC21slim.xsd"
    xmlns="http://www.loc.gov/MARC21/slim">

  <leader>03878cam a2200181   4500500</leader>
  <controlfield tag="005">20260329011034.0</controlfield>
  <datafield tag="041" ind1=" " ind2=" ">
    <subfield code="a">fre</subfield>
  </datafield>
  <datafield tag="042" ind1=" " ind2=" ">
    <subfield code="a">dc</subfield>
  </datafield>
  <datafield tag="100" ind1="1" ind2="0">
    <subfield code="a">Roudaut, Maiwenn</subfield>
    <subfield code="e">author</subfield>
  </datafield>
  <datafield tag="245" ind1="0" ind2="0">
    <subfield code="a">Introduction</subfield>
  </datafield>
  <datafield tag="260" ind1=" " ind2=" ">
    <subfield code="c">2014.
							</subfield>
  </datafield>
  <datafield tag="500" ind1=" " ind2=" ">
    <subfield code="a">45</subfield>
  </datafield>
  <datafield tag="520" ind1=" " ind2=" ">
    <subfield code="a">Cet article s&#x2019;interroge sur l&#x2019;homog&#xE9;n&#xE9;it&#xE9; de ce qu&#x2019;on appelle &#xAB;&#xA0;le&#xA0;&#xBB; discours. Le point de vue dominant en analyse du discours est qu&#x2019;il se laisse diviser en unit&#xE9;s de communication &#xE9;l&#xE9;mentaires de m&#xEA;me nature, les genres de discours, qui recouvrent des pratiques tr&#xE8;s diverses&#xA0;: de la conversation spontan&#xE9;e aux genres fortement contraints par des institutions. Dans cet article j&#x2019;aimerais ainsi d&#xE9;fendre l&#x2019;id&#xE9;e que le discours n&#x2019;est pas homog&#xE8;ne, qu&#x2019;il peut &#xEA;tre partag&#xE9; entre divers &#xAB;&#xA0;r&#xE9;gimes discursifs&#xA0;&#xBB; qui ont chacun leur &#xE9;conomie propre. Une premi&#xE8;re distinction est &#xE9;tablie entre un &#xAB;&#xA0;r&#xE9;gime conversationnel&#xA0;&#xBB; oral et un &#xAB;&#xA0;r&#xE9;gime institu&#xE9;&#xA0;&#xBB;, celui des genres de discours&#xA0;; sont ensuite introduites les notions de &#xAB;&#xA0;r&#xE9;gime num&#xE9;rique&#xA0;&#xBB;, de &#xAB;&#xA0;r&#xE9;gime prax&#xE9;ologique&#xA0;&#xBB;, de &#xAB;&#xA0;r&#xE9;gime adh&#xE9;rent&#xA0;&#xBB; et de &#xAB;&#xA0;r&#xE9;gime aphorisant&#xA0;&#xBB;. En renon&#xE7;ant &#xE0; mesurer l&#x2019;ensemble des manifestations du discours &#xE0; l&#x2019;aune du genre de discours, on prend mieux en compte la diversit&#xE9; des donn&#xE9;es mais aussi l&#x2019;&#xE9;volution de la mati&#xE8;re m&#xEA;me du discours, qui se transforme sous l&#x2019;effet des technologies num&#xE9;riques.</subfield>
  </datafield>
  <datafield tag="520" ind1=" " ind2=" ">
    <subfield code="a">This article examines the homogeneity of what we call &#x201C;discourse.&#x201D; The prevailing view in discourse analysis is that discourse can be divided into elementary units of communication of the same nature&#x2014;discourse genres&#x2014;which encompass a wide range of practices, from spontaneous conversation to genres heavily constrained by institutions. In this article, I argue that discourse is not homogeneous and that it can instead be divided into various &#x201C;discursive regimes,&#x201D; each with its own internal logic. A first distinction is drawn between an oral &#x201C;conversational regime&#x201D; and an &#x201C;instituted regime,&#x201D; the latter corresponding to discourse genres; the notions of &#x201C;digital regime,&#x201D; &#x201C;praxeological regime,&#x201D; &#x201C;adhering regime,&#x201D; and &#x201C;aphorizing regime&#x201D; are then introduced. By abandoning the idea of measuring all manifestations of discourse in terms of discourse genre, we can gain a better grasp not only of data diversity but also the changing nature of discourse itself, which is being transformed by digital technologies.</subfield>
  </datafield>
  <datafield tag="520" ind1=" " ind2=" ">
    <subfield code="a">Este art&#xED;culo analiza la homogeneidad de lo que llamamos &#xAB;el discurso&#xBB;. El punto de vista dominante en an&#xE1;lisis del discurso es que este puede dividirse en unidades elementales de comunicaci&#xF3;n de una misma naturaleza, los g&#xE9;neros discursivos, que abarcan pr&#xE1;cticas muy diversas: desde la conversaci&#xF3;n espont&#xE1;nea hasta los g&#xE9;neros fuertemente limitados por las instituciones. As&#xED; pues, en este art&#xED;culo defiendo la idea de que el discurso no es homog&#xE9;neo, que puede dividirse entre diversos &#xAB;reg&#xED;menes discursivos&#xBB;, cada uno con su propia l&#xF3;gica interna. Primero, se establece una distinci&#xF3;n entre un &#xAB;r&#xE9;gimen conversacional&#xBB; oral y un &#xAB;r&#xE9;gimen instituido&#xBB;, el de los g&#xE9;neros discursivos; a continuaci&#xF3;n, se introducen las nociones de &#xAB;r&#xE9;gimen digital&#xBB;, &#xAB;r&#xE9;gimen praxeol&#xF3;gico&#xBB;, &#xAB;r&#xE9;gimen adherente&#xBB; y &#xAB;r&#xE9;gimen afor&#xED;stico&#xBB;. Al renunciar a la idea de evaluar el conjunto de las manifestaciones del discurso bajo el prisma del g&#xE9;nero discursivo, se tiene una mejor comprensi&#xF3;n no solo de la diversidad de los datos, sino tambi&#xE9;n de la evoluci&#xF3;n del propio contenido del discurso, que se transforma bajo el efecto de las tecnolog&#xED;as digitales.</subfield>
  </datafield>
  <datafield tag="786" ind1="0" ind2=" ">
    <subfield code="n">Lumi&#xE8;res | 26 | 2 | 2014-02-24 | p. 7-11 | 1762-4630</subfield>
  </datafield>
  <datafield tag="856" ind1="4" ind2="1">
    <subfield code="u">https://shs.cairn.info/revue-lumieres-2015-2-page-7?lang=fr&amp;redirect-ssocas=7080</subfield>
  </datafield>
  <datafield tag="999" ind1=" " ind2=" ">
    <subfield code="c">1858098</subfield>
    <subfield code="d">1858098</subfield>
  </datafield>
</record>
